000 01672cam a22004574i 4500
003 PE-LiUPU
005 20250731173137.0
008 150623s2000 ilu rb 000 0 eng d
020 _a0830822399
035 _a(Sirsi) i9780830822393
040 _aPE-LiUPU
_bspa
_cPE-LiUPU
_erda
049 _aPRUA
082 0 4 _a266
_bE61
_221
100 1 _aEngel, James F.,
_eautor.
245 1 0 _aChanging the mind of missions :
_bwhere have we gone wrong? /
_cJames F. Engel.
264 1 _aDowners Grove, Illinois :
_bInterVarsity Press,
_c2000.
300 _a192 páginas ;
_c21 centímetros
336 _atext
_2rdacontent
337 _aunmediated
_2rdamedia
338 _avolume
_2rdacarrier
504 _aIncluye bibliografía.
505 0 _aA clouded future? -- Where in the world is Jerusalem? -- What's gone wrong with the harvest? -- Missions in a postmodern world -- The church in missions -- The missions agency -- Missions in a postmodern world.
526 _aSEG42
526 _aSEG41
526 _aSEG40
526 _aSEG39
526 _aP94
526 _aP87
526 _aP86
526 _aP85
526 _aP77
526 _aP76
526 _aP35
650 0 4 _aMisión de la iglesia
_ySiglo XX.
942 _2ddc
_cBOOK
949 _a266 E61
_wDEWEY
_c1
_i52686
_lCCODEBUL1
_mBUL
_p4.00
_r0
_sY
_tBOOK
_u2015-6-24
_xTEOLOGIA
_PP35
_0COMPRA
_o.STAFF. Colección Teología
994 _aC0
_bPEPRU
596 _a1
999 _a266 E61
_wDEWEY
_c34171
_i52348
_d34171
_f2021-11-10
_g5
_lCCODEBUL1
_mBUL
_p4.00
_q1
_r0
_sY
_tBOOK
_u2015-6-24
_xTEOLOGIA
_PP35
_0COMPRA
_o.STAFF. Colección Teología
980 _81
_gALBERTO SANCHEZ Responsable de Automatización